Német nyelv a kilecéves alapiskolák 7. évfolyama számára

Bibliographic Details
Main Authors: Beneš, Eduard, 1911-1996 (Author), Niedermaierová, Pavla (Author)
Other Authors: Paleček, Josef, 1932- (Illustrator), Hasák, Vilmos (Translator)
Format: Book
Language:Hungarian
PhysicalDescription:132 s. 8°
Published: Bratislava Slovenské pedagogické nakladateľstvo 1967
Edition:2. kiad

MARC

LEADER 00000nam a2200000 a 4500
001 vtls001262986
003 SK-MaSNL
005 20260301113023.0
008 250312s1967 xo 0 hun
035 |a SNK000213883 
035 |a urn:nbn:sk:snk-amlmzc 
035 |a urn:nbn:sk:snk-am00bt2b 
035 |a AD52068B-0BA7-412D-87E7-0460A8D2B6E1 
040 |a SNK  |b slo  |c SNK  |e AACR2 
041 0 |a hun 
044 |a xo  |c SK 
100 1 |a Beneš, Eduard,  |d 1911-1996  |4 aut  |9 88646 
245 1 0 |a Német nyelv a kilecéves alapiskolák 7. évfolyama számára  |c Eduard Beneš, Pavla Niedermaierová ; ford. Vilmos Hasák ; Illusztr. Josef Paleček 
250 |a 2. kiad 
260 |a Bratislava  |b Slovenské pedagogické nakladateľstvo  |c 1967 
300 |a 132 s.  |c 8° 
700 1 |a Niedermaierová, Pavla  |4 aut  |9 60624 
700 1 |a Paleček, Josef,  |d 1932-  |4 ill  |9 101684 
700 1 |a Hasák, Vilmos  |4 trl  |9 346579 
852 |a Slovenská národná knižnica 
958 |a OND 
999 |c 712362  |d 714292 
952 |a SNK  |b SNK  |y PREZ  |7 0  |p 17A0822922  |o snkSD 31038  |0 0  |1 0  |4 0  |d 2013-08-12  |f 1  |l 0  |r 2026-02-23 21:35:59  |w 2026-02-23 
952 |t P60, <03>, [BOOK], {603}  |a SNK  |b SNK  |y PREZ  |7 0  |o snkSD 31038  |i snkKSP 3567/67  |0 0  |1 0  |4 0  |d 1996-10-08  |l 0  |r 2005-01-01 00:00:00  |w 2026-02-23 
952 |t P60, <04>, [BOOK], {604}  |a SNK  |b SNK  |y VYP  |7 0  |o snkSD 31038 D1  |i snkKSP 3568/67  |0 0  |1 0  |4 0  |d 1996-10-08  |l 0  |r 2005-01-01 00:00:00  |w 2026-02-23